Checklist keluarga bahagia / (Record no. 1500)

000 -LEADER
fixed length control field nam a22 a 4500
003 - CONTROL NUMBER IDENTIFIER
control field AKMAL
005 - DATE AND TIME OF LATEST TRANSACTION
control field 20170509162708.0
008 - FIXED-LENGTH DATA ELEMENTS--GENERAL INFORMATION
fixed length control field 170509s1996 my 00 may d
020 ## - INTERNATIONAL STANDARD BOOK NUMBER
International Standard Book Number 9676106119 (kkt.):
Terms of availability RM 15.00
040 ## - CATALOGING SOURCE
Original cataloging agency AKMAL
Transcribing agency AKMAL
049 ## - LOCAL HOLDINGS (OCLC)
Holding library klpmal
082 04 - DEWEY DECIMAL CLASSIFICATION NUMBER
Classification number 306.85 HAS
090 ## - LOCALLY ASSIGNED LC-TYPE CALL NUMBER (OCLC); LOCAL CALL NUMBER (RLIN)
Classification number (OCLC) (R) ; Classification number, CALL (RLIN) (NR) 306.85
Local cutter number (OCLC) ; Book number/undivided call number, CALL (RLIN) HAS
090 20 - LOCALLY ASSIGNED LC-TYPE CALL NUMBER (OCLC); LOCAL CALL NUMBER (RLIN)
Classification number (OCLC) (R) ; Classification number, CALL (RLIN) (NR) 306.85
Local cutter number (OCLC) ; Book number/undivided call number, CALL (RLIN) HAS
100 ## - MAIN ENTRY--PERSONAL NAME
Personal name Hasan Hj. Mohd. Ali,
Titles and words associated with a name Dato',
Dates associated with a name 1947-
9 (RLIN) 1200
245 10 - TITLE STATEMENT
Title Checklist keluarga bahagia /
Statement of responsibility, etc. Hasan Hj. Mohd Ali
260 ## - PUBLICATION, DISTRIBUTION, ETC.
Place of publication, distribution, etc. Kuala Lumpur :
Name of publisher, distributor, etc. Utusan Publications & Distributors dan AKRAB,
Date of publication, distribution, etc. 1996
440 ## - SERIES STATEMENT/ADDED ENTRY--TITLE
Title Siri keluarga mithali Utusan - AKRAB
9 (RLIN) 1206
650 ## - SUBJECT ADDED ENTRY--TOPICAL TERM
Topical term or geographic name entry element Family
9 (RLIN) 363
650 ## - SUBJECT ADDED ENTRY--TOPICAL TERM
Topical term or geographic name entry element Domestic relations
9 (RLIN) 2993
942 ## - ADDED ENTRY ELEMENTS (KOHA)
Source of classification or shelving scheme
Koha item type Book
Holdings
Withdrawn status Lost status Source of classification or shelving scheme Damaged status Not for loan Home library Current library Date acquired Inventory number Total Checkouts Full call number Barcode Date last seen Price effective from Koha item type
          AKMAL Melaka AKMAL Melaka 09.05.2017 002536   306.85 HAS 201702815 09.05.2017 09.05.2017 Book
          AKMAL Melaka AKMAL Melaka 09.05.2017 002787   306.85 HAS 201702816 09.05.2017 09.05.2017 Book
Pusat Sumber Maklumat Dato' Haji Sarmin Md Hussin, Akademi Kastam Diraja Malaysia, Melaka
Tel: 06-2331106 | Faks: 06-2313787